|
|
|
|
| LEADER |
01018nam a22002774a 4500 |
| 001 |
7412 |
| 003 |
BD-DhAAL |
| 005 |
20150419154552.0 |
| 008 |
150419s2006 iaua 001 0 eng |
| 010 |
|
|
|a 2004024617
|
| 020 |
|
|
|a 0072823399 (acidfree paper)
|
| 040 |
|
|
|a DLC
|c DLC
|d DLC
|d BD-DhAAL
|
| 050 |
0 |
0 |
|a GE105
|b .C865 2006
|
| 082 |
0 |
0 |
|a 363.7
|2 22
|
| 100 |
1 |
|
|a Cunningham, William P.
|9 10470
|
| 245 |
1 |
0 |
|a Principles of environmental science :
|b inquiry and applications /
|c William P. Cunningham, Mary Ann Cunningham.
|
| 250 |
|
|
|a 3rd ed.
|
| 260 |
|
|
|a Dubuque, IA :
|b McGraw-Hill,
|c c2006.
|
| 300 |
|
|
|a xviii, 428 p. :
|b ill. (some col.), maps ;
|c 28 cm.
|
| 500 |
|
|
|a Includes index.
|
| 541 |
|
|
|e 7412
|
| 650 |
|
0 |
|a Environmental sciences
|v Textbooks.
|9 10577
|
| 700 |
1 |
|
|a Cunningham, Mary Ann.
|9 10578
|
| 942 |
|
|
|2 ddc
|c BK
|
| 999 |
|
|
|c 34279
|d 34279
|
| 952 |
|
|
|0 0
|1 0
|2 ddc
|4 0
|6 363_700000000000000_CUN
|7 0
|9 53514
|a SCL
|b SCL
|c GEN
|d 2015-04-19
|e Gift: The Asia Foundation
|l 0
|o 363.7 CUN
|p 3020007412
|r 2015-04-19
|t 1
|w 2015-04-19
|y BK
|